Regulace pojišťovnictví v Evropské unii systém finanční regulace

Systém finančnej regulácie v poisťovníctve. Oceňovanie technických rezerv. Pravidlá pre technické rezervy neživotného poistenia. Pravidlá týkajúce sa matematických rezerv v životnom poistení. Kategória prijateľných aktív kryjúcich technické rezervy. Analýza investičných pravidiel. Kapitálové požiada...

Descripción completa

Guardado en:
Detalles Bibliográficos
Autor principal: Mesršmíd, Jaroslav
Formato: Capítulo de libro
Lenguaje:checo
Materias:
Etiquetas: Agregar Etiqueta
Sin Etiquetas, Sea el primero en etiquetar este registro!

MARC

LEADER 00000naa$a2200000$$$4500
001 0107263
005 20221207082059.9
041 0 |a cze 
044 |a CZ 
245 1 0 |a Regulace pojišťovnictví v Evropské unii  |b systém finanční regulace  |c Jaroslav Mesršmíd 
520 |a Systém finančnej regulácie v poisťovníctve. Oceňovanie technických rezerv. Pravidlá pre technické rezervy neživotného poistenia. Pravidlá týkajúce sa matematických rezerv v životnom poistení. Kategória prijateľných aktív kryjúcich technické rezervy. Analýza investičných pravidiel. Kapitálové požiadavky - požiadavka miery solventnosti. Rozvoj európskych solventnostných pravidiel. 
610 2 0 |a poisťovníctvo 
610 2 0 |a poisťovne 
610 2 0 |a poistenie životné 
610 2 0 |a poistenie neživotné 
610 2 0 |a solventnosť 
610 2 0 |a regulácia 
610 2 0 |a financie 
610 2 0 |a rezervy technické 
610 2 0 |a aktíva 
610 2 0 |a Európska únia 
100 1 |a Mesršmíd, Jaroslav